[Event "Maastricht Limburg op-C 4th"]
[Site "Maastricht"]
[Date "2010.05.23"]
[Round "5"]
[White "Geene, Joris"]
[Black "Boontje, Willem"]
[Result "0-1"]
[WhiteElo "1600"]
[BlackElo "1689"]
[PlyCount "44"]
[EventDate "2010.05.21"]
[EventType "swiss"]
[EventRounds "7"]
[EventCountry "NED"]
[SourceTitle "EXT 2011"]
[Source "ChessBase"]
[SourceDate "2010.11.26"]
[SourceVersion "1"]
[SourceVersionDate "2010.11.26"]
[SourceQuality "1"]

1. e4 e6 2. d4 d5 3. exd5 exd5 4. c4 Bb4+ 5. Nc3 dxc4 6. Bxc4 Qe7+ 7. Nge2 Nf6 8. 0-0 Be6 9. Bxe6 Qxe6 10. Re1 0-0 11. Nf4 Qd7 12. Re3 Bd6 13. Rh3 Qg4 14. Qxg4 Nxg4 15. Nfd5 c6 16. Ne3 Re8 17. Bd2 Nf6 18. Nf5 Bc7 19. Bg5 Nbd7 20. Rf3 Re6 21. Rd1 Rae8 22. h3 Re1+ 0-1